000 01008cam a22002774a 4500
999 _c5049
_d5049
001 13080481
003 GZU
005 20210326095547.0
008 030204s2004 maua b 001 0 eng
010 _a 2003042208
020 _a0072462108 (alk. paper)
040 _aDLC
_cDLC
_dDLC
042 _apcc
050 0 0 _aRD97
_b.PRE 2004
100 1 _aPrentice, William E.
_eauthor
245 1 0 _aRehabilitation techniques for sports medicine and athletic training /
_cWilliam E. Prentice.
250 _a4th ed.
260 _aBoston :
_bMcGraw-Hill,
_cc2004.
300 _axiv, 706 p. :
_bill. ;
_c24 cm.
504 _aIncludes bibliographical references and index.
650 0 _aSports injuries
_xPatients
_xRehabilitation.
856 4 1 _3Table of contents
_uhttp://www.loc.gov/catdir/toc/fy038/2003042208.html
856 4 2 _3Publisher description
_uhttp://www.loc.gov/catdir/enhancements/fy0668/2003042208-d.html
906 _a7
_bcbc
_corignew
_d1
_eocip
_f20
_gy-gencatlg
942 _2lcc
_cBK
_e4th ed.
_h97
_iPRE
_kRD